Dzielnice Wałbrzycha - Statystyki

Ogólne statystyki
  • Ten quiz został rozwiązany 130 razy
  • Średni wynik to 11 z 18
Statystyki odpowiedzi
Hint Odpowiedź % Poprawnych
14. Podzamcze
86%
18. Szczawienko
80%
1. Biały Kamień
79%
10. Nowe Miasto
79%
11. Piaskowa Góra
78%
2. Śródmieście
76%
16. Sobięcin
73%
13. Podgórze
71%
17. Stary Zdrój
69%
15. Rusinowa
58%
3. Gaj
55%
12. Poniatów
52%
6. Konradów
46%
4. Glinik Nowy
43%
5. Glinik Stary
43%
9. Lubiechów
42%
8. Książ
41%
7. Kozice
35%
Nie znaleziono quizów pasujących do podanych kryteriów
Rozkład punktacji
Procent ludzi z każdym wynikiem
Percentyl według liczby udzielonych odpowiedzi
Twoja historia wyników
Nie rozwiązałeś tego quizu